[Event "WC-2020-S-00003"]
[Site "LSS email"]
[Date "2020.06.08"]
[Round "?"]
[White "Misericordia, Antonio"]
[Black "Sitorus, Yosua"]
[Result "1/2-1/2"]
[WhiteElo "2337"]
[BlackElo "2244"]
[PlyCount "92"]
[EventDate "2020.06.08"]
[EventType "tourn (corr)"]
[EventRounds "12"]
[EventCountry "GER"]
[SourceTitle "Corr 2024"]
[Source "ChessBase"]
[SourceDate "2023.10.19"]
[SourceVersion "1"]
[SourceVersionDate "2023.10.19"]
[SourceQuality "1"]

1. e4 c6 2. d4 d5 3. Nd2 dxe4 4. Nxe4 Bf5 5. Ng3 Bg6 6. Nf3 Nd7 7. Bd3 Bxd3 8. Qxd3 e6 9. 0-0 Ngf6 10. Rd1 Bd6 11. Ne4 Nxe4 12. Qxe4 0-0 13. c4 Qc7 14. h3 h6 15. c5 Be7 16. Bf4 Qc8 17. Bg3 b6 18. Qc2 Qb7 19. Rac1 Nf6 20. Ne5 Nd5 21. Nc4 Rfd8 22. a3 Bg5 23. Nd6 Qd7 24. Ra1 Be7 25. Nc4 Qe8 26. Ne5 Rdc8 27. Nf3 Rd8 28. Re1 Bf6 29. Rad1 b5 30. Bd6 a5 31. g4 Qd7 32. Rd3 Re8 33. Bg3 Qd8 34. h4 g6 35. b3 Ra7 36. Qd2 Bg7 37. Kh2 Kh7 38. g5 h5 39. Be5 Qc8 40. Qe2 Rd8 41. Qb2 Bxe5+ 42. Nxe5 Rf8 43. a4 Ne7 44. axb5 cxb5 45. c6 Qc7 46. Kg1 Qd6 1/2-1/2

[Event "WC-2020-S-00003"]
[Site "LSS email"]
[Date "2020.06.08"]
[Round "?"]
[White "Sitorus, Yosua"]
[Black "Aberbach Peltzman, Angel"]
[Result "0-1"]
[WhiteElo "2244"]
[BlackElo "2266"]
[PlyCount "72"]
[EventDate "2020.06.08"]
[EventType "tourn (corr)"]
[EventRounds "12"]
[EventCountry "GER"]
[SourceTitle "Corr 2024"]
[Source "ChessBase"]
[SourceDate "2023.10.19"]
[SourceVersion "1"]
[SourceVersionDate "2023.10.19"]
[SourceQuality "1"]

1. Nf3 Nf6 2. c4 c5 3. Nc3 e6 4. g3 b6 5. Bg2 Bb7 6. 0-0 Be7 7. Re1 d6 8. e4 a6 9. d4 cxd4 10. Nxd4 Qc7 11. b3 0-0 12. Bb2 Nbd7 13. Qf3 Nc5 14. Qe2 Rac8 15. Rad1 Rfe8 16. f4 Bf8 17. b4 e5 18. Nf5 Ncd7 19. a3 Ba8 20. Qd3 Qa7 21. Ne3 h5 22. Kh1 h4 23. f5 b5 24. g4 bxc4 25. Qe2 h3 26. Bf3 d5 27. g5 d4 28. gxf6 dxc3 29. Bg4 Bxe4+ 30. Kg1 cxb2 31. Qxb2 c3 32. Qf2 Nxf6 33. Bxh3 Red8 34. Bf1 Rxd1 35. Rxd1 a5 36. Ng4 c2 0-1

[Event "WC-2020-S-00003"]
[Site "LSS email"]
[Date "2020.06.08"]
[Round "?"]
[White "Sitorus, Yosua"]
[Black "Podvoysky, Evgeny"]
[Result "0-1"]
[WhiteElo "2244"]
[BlackElo "2338"]
[PlyCount "74"]
[EventDate "2020.06.08"]
[EventType "tourn (corr)"]
[EventRounds "12"]
[EventCountry "GER"]
[SourceTitle "Corr 2024"]
[Source "ChessBase"]
[SourceDate "2023.10.19"]
[SourceVersion "1"]
[SourceVersionDate "2023.10.19"]
[SourceQuality "1"]

1. Nf3 Nf6 2. c4 g6 3. Nc3 Bg7 4. e4 d6 5. d4 0-0 6. h3 e5 7. d5 Nh5 8. g3 f5 9. exf5 gxf5 10. Ng5 Nf6 11. Be3 Qe7 12. Qe2 a5 13. g4 a4 14. gxf5 Bxf5 15. a3 Kh8 16. h4 Nbd7 17. Bh3 Bg6 18. h5 Bxh5 19. Qc2 Bh6 20. Nxh7 Qxh7 21. Qxh7+ Kxh7 22. Bf5+ Kg7 23. Rg1+ Kh8 24. Bxh6 Rg8 25. Kd2 Nc5 26. Bc2 Nb3+ 27. Bxb3 axb3 28. f4 Nd7 29. Bg5 exf4 30. Bxf4 Raf8 31. Be3 Kh7 32. Ne4 Ne5 33. Ng5+ Rxg5 34. Bxg5 Rg8 35. Raf1 Nf3+ 36. Rxf3 Bxf3 37. Rh1+ Bxh1 0-1

[Event "WC-2020-S-00003"]
[Site "LSS email"]
[Date "2020.06.08"]
[Round "?"]
[White "Sitorus, Yosua"]
[Black "Susla, Vitaliy"]
[Result "1/2-1/2"]
[WhiteElo "2244"]
[BlackElo "2335"]
[PlyCount "81"]
[EventDate "2020.06.08"]
[EventType "tourn (corr)"]
[EventRounds "12"]
[EventCountry "GER"]
[SourceTitle "Corr 2024"]
[Source "ChessBase"]
[SourceDate "2023.10.19"]
[SourceVersion "1"]
[SourceVersionDate "2023.10.19"]
[SourceQuality "1"]

1. Nf3 Nf6 2. c4 g6 3. Nc3 Bg7 4. e4 d6 5. d4 0-0 6. h3 e5 7. d5 a5 8. Bg5 Na6 9. Be2 Qe8 10. Nd2 Kh8 11. h4 h6 12. Be3 Ng8 13. g4 f5 14. f3 Nf6 15. Rg1 fxg4 16. fxg4 h5 17. gxh5 gxh5 18. Nf3 Ng4 19. Qd2 Nxe3 20. Qxe3 Bg4 21. Ng5 Nc5 22. Bxg4 hxg4 23. 0-0-0 Qd7 24. Qg3 Bh6 25. Qxg4 Qxg4 26. Rxg4 Rf4 27. Rxf4 Bxg5 28. hxg5 exf4 29. Rf1 Kg7 30. Ne2 Rf8 31. Kd1 Nxe4 32. Nxf4 Nxg5 33. Kc2 Rf5 34. Rf2 Kf7 35. Nd3 Rxf2+ 36. Nxf2 Kf6 37. Kd3 Kf5 38. Ke3 c6 39. dxc6 bxc6 40. Nd3 c5 41. Nf4 1/2-1/2